एक माणूस एक दिवस-3 (Record no. 433267)

MARC details
000 -LEADER
fixed length control field 00471nam a2200145Ia 4500
008 - FIXED-LENGTH DATA ELEMENTS--GENERAL INFORMATION
fixed length control field 100122s9999 xx 000 0 und d
082 ## - DEWEY DECIMAL CLASSIFICATION NUMBER
Item number 56925
Classification number 920.054
100 ## - MAIN ENTRY--PERSONAL NAME
Personal name मराठे ह मो
245 ## - TITLE STATEMENT
Title एक माणूस एक दिवस-3
260 ## - PUBLICATION, DISTRIBUTION, ETC. (IMPRINT)
Name of publisher, distributor, etc औदुंबर प्रकाशन
Date of publication, distribution, etc 1999
300 ## - PHYSICAL DESCRIPTION
Extent 166
630 ## - SUBJECT ADDED ENTRY--UNIFORM TITLE
Uniform title एक माणूस एक दिवस-3
730 ## - ADDED ENTRY--UNIFORM TITLE
Uniform title एक माणूस एक दिवस-3
942 ## - ADDED ENTRY ELEMENTS (KOHA)
Koha item type Book
Holdings
Withdrawn status Lost status Damaged status Not for loan Home library Current library Date acquired Cost, normal purchase price Total Checkouts Full call number Barcode Date last seen Cost, replacement price Price effective from Koha item type Public note
        S.V. Pathak Library, Vile Parle S.V. Pathak Library, Vile Parle 12/10/1999 140.00   56925 SVPPARLE-56925 01/25/2010 140.00 01/25/2010 Book General NA